Exercises in probability and statistics for mathematics undergraduates (Record no. 3280)

MARC details
000 -LEADER
fixed length control field 00528nam a2200169Ia 4500
003 - CONTROL NUMBER IDENTIFIER
control field IN-BaIIA
008 - FIXED-LENGTH DATA ELEMENTS--GENERAL INFORMATION
fixed length control field 211028s9999 xx 000 0 eng d
040 ## - CATALOGING SOURCE
Transcribing agency IIA Library
080 ## - UNIVERSAL DECIMAL CLASSIFICATION NUMBER
Universal Decimal Classification number 519.2
Item number RAH
100 ## - MAIN ENTRY--PERSONAL NAME
Personal name Rahman, N. A.
9 (RLIN) 5836
245 #0 - TITLE STATEMENT
Title Exercises in probability and statistics for mathematics undergraduates
Remainder of title with answers and hints on solutions
Statement of responsibility, etc. Rahman, N. A.
260 ## - PUBLICATION, DISTRIBUTION, ETC.
Place of publication, distribution, etc. London
Name of publisher, distributor, etc. Charles Griffin
Date of publication, distribution, etc. 1967
300 ## - PHYSICAL DESCRIPTION
Extent xi, 307p.
650 ## - SUBJECT ADDED ENTRY--TOPICAL TERM
Topical term or geographic name entry element Astronomy and Astrophysics Thesaurus
650 ## - SUBJECT ADDED ENTRY--TOPICAL TERM
Topical term or geographic name entry element Statistics
942 ## - ADDED ENTRY ELEMENTS (KOHA)
Koha item type Books
Holdings
Withdrawn status Lost status Damaged status Not for loan Home library Current library Shelving location Date acquired Cost, normal purchase price Total Checkouts Full call number Barcode Date last seen Cost, replacement price Price effective from Koha item type Purchase Price
        IIA Library-Bangalore IIA Library-Bangalore General Stacks 17/09/1969 58.50   519.2/ RAH 3643 05/11/2021 58.50 17/09/1969 Books Rs. 58.50

Powered by Koha